|
|
|
|
| LEADER |
00000nam0a2200000 4500 |
| 001 |
361112 |
| 005 |
20231102011345.0 |
| 035 |
|
|
|a (RuTPU)RU\TPU\retro\18438
|
| 090 |
|
|
|a 361112
|
| 100 |
|
|
|a 20210526d1921 km y0frey50 ba
|
| 101 |
0 |
|
|a fre
|
| 102 |
|
|
|a FR
|
| 105 |
|
|
|a l z 001zy
|
| 200 |
1 |
|
|a Organisation administrative industrielle appliquée à la Construction Mécanique en petite et moyenne série
|i Fractionnement des fabrications en séries
|i Service d'approvisionnement et magasins
|i Comptabilité de la main-daeuvre
|i Mouvement des pièces en cours d'usinage et de montage
|i Comtabilité des prix de revient
|f J. M. Caquas
|
| 210 |
|
|
|a Paris
|c Dunod
|d [1921]
|
| 215 |
|
|
|a 80 p.
|c tabl.
|
| 225 |
1 |
|
|a La Comptabilité et les Affaires
|e revue mensuelle de technique comtable et de gestion méthodique des entreprises
|
| 316 |
|
|
|5 63413507: М-133442
|a На обложке и титульном листе владельческие подписи: "Бутаков"
|
| 317 |
|
|
|5 63413507: М-133442
|a Поступил в НТБ в 1970 г. в составе книжного собрания профессора ТПИ И. Н. Бутакова
|
| 320 |
|
|
|a Библиогр. в примеч.
|
| 541 |
1 |
|
|a Организация промышленного управления, применяемая для мелкосерийного и среднесерийного производства в машиностроении
|z fre
|
| 606 |
1 |
|
|a Управление предприятием
|2 stltpush
|3 (RuTPU)RU\TPU\subj\37170
|9 58291
|
| 606 |
1 |
|
|a Машиностроение
|x Организация производства
|2 stltpush
|3 (RuTPU)RU\TPU\subj\71132
|9 85168
|
| 610 |
1 |
|
|a мелкосерийное производство
|
| 610 |
1 |
|
|a среднесерийное производство
|
| 610 |
1 |
|
|a снабжение
|
| 610 |
1 |
|
|a управление производством
|
| 610 |
1 |
|
|a менеджмент
|
| 610 |
1 |
|
|a заказы
|
| 610 |
1 |
|
|a детали машин
|
| 610 |
1 |
|
|a сборка
|
| 610 |
1 |
|
|a технологическое оборудование
|
| 610 |
1 |
|
|a учет
|
| 610 |
1 |
|
|a трудовые затраты
|
| 610 |
1 |
|
|a владельческие подписи
|
| 610 |
1 |
|
|a дары библиотеке
|
| 610 |
1 |
|
|a Библиотека И. Н. Бутакова
|
| 610 |
1 |
|
|a французский язык
|
| 675 |
|
|
|a 621.002:658.5
|v 4
|
| 686 |
|
|
|a У9(2)212.4
|v LBC/SL-A
|2 rubbk
|
| 700 |
|
1 |
|a Caquas
|b J. M.
|
| 801 |
|
1 |
|a RU
|b 63413507
|c 20210526
|
| 801 |
|
2 |
|a RU
|b 63413507
|c 20230206
|g RCR
|
| 942 |
|
|
|c BK
|